| 000 | 00582nam a2200217 a 4500 | ||
|---|---|---|---|
| 001 | 17615 | ||
| 003 | CO-ViMGA | ||
| 008 | 141112s2004 ck r 000 u spa d | ||
| 020 | _a9586075826 | ||
| 040 |
_aCO-ViMGA _bspa _cCO-ViMGA |
||
| 082 | 0 | 4 | _a130 G468f |
| 100 | 1 |
_aGiovetti, Paola _919701 |
|
| 245 | 1 | 0 | _aLos fenómenos paranormales |
| 260 |
_aBogotá, _cSan Pablo, _c1995 |
||
| 300 | _a192.p. | ||
| 590 | _aForma de adquisición : Premio - Mincultura | ||
| 650 | 1 | 4 |
_aAPARICIONES _924963 |
| 650 | 1 | 4 |
_aESPIRITISMO _948605 |
| 650 | 1 | 4 |
_aPARASICOLOGIA _924964 |
| 942 |
_2ddc _cBK |
||
| 999 |
_c27108 _d27108 |
||